Loading...
| History - European | 0 | 4 | 1 | 0 | 35 | 98 | 111.00 | 0 | 1 | 0.00 | 0.00 |
| Fine Arts - Classical Music and Opera | 2 | 0 | 0 | 0 | 30 | 29 | 31.50 | 2 | 2 | 0.00 | 0.00 |
| History - Other | 1 | 2 | 1 | 0 | 30 | 77 | 100.33 | 1 | 2 | 0.00 | 0.00 |
| History - American | 0 | 3 | 0 | 1 | 30 | 123 | 134.67 | 0 | 1 | 0.00 | 0.00 |
| Modern World | 0 | 2 | 0 | 1 | 20 | 124 | 129.00 | 0 | 0 | 0.00 | 0.00 |
| Literature - World | 0 | 2 | 0 | 0 | 20 | 122 | 129.50 | 0 | 0 | 0.00 | 0.00 |
| Science - Biology | 0 | 3 | 2 | 0 | 20 | 127 | 132.00 | 0 | 0 | 0.00 | 0.00 |
| Science - Chemistry | 0 | 2 | 0 | 1 | 20 | 117 | 125.50 | 0 | 0 | 0.00 | 0.00 |
| Mythology | 0 | 2 | 1 | 0 | 15 | 110 | 130.00 | 0 | 0 | 0.00 | 0.00 |
| Other Science (Astronomy) | 0 | 1 | 0 | 0 | 10 | 109 | 109.00 | 0 | 1 | 0.00 | 0.00 |
| Fine Arts - Painting and Sculpture | 0 | 1 | 0 | 0 | 10 | 112 | 112.00 | 0 | 1 | 0.00 | 0.00 |
| Other Science (Math) | 0 | 1 | 0 | 0 | 10 | 137 | 137.00 | 0 | 0 | 0.00 | 0.00 |
| Religion | 0 | 1 | 0 | 0 | 10 | 136 | 136.00 | 0 | 0 | 0.00 | 0.00 |
| Geography | 0 | 1 | 0 | 0 | 10 | 102 | 102.00 | 1 | 1 | 0.00 | 0.00 |
| Other Culture | 0 | 1 | 1 | 0 | 5 | 112 | 112.00 | 0 | 0 | 0.00 | 0.00 |
| Literature - British | 0 | 1 | 1 | 0 | 5 | 124 | 124.00 | 0 | 0 | 0.00 | 0.00 |
| Science - Physics | 0 | 1 | 1 | 0 | 5 | 133 | 133.00 | 0 | 0 | 0.00 | 0.00 |
| History - World | 0 | 2 | 3 | 0 | 5 | 117 | 124.50 | 0 | 0 | 0.00 | 0.00 |
| Literature - American | 0 | 0 | 0 | 0 | 0 | 0.00 | 0 | 0 | 0.00 | 0.00 | |
| Literature - European | 0 | 0 | 0 | 0 | 0 | 0.00 | 0 | 0 | 0.00 | 0.00 | |
| Other Science (Engineering) | 0 | 0 | 1 | 0 | -5 | 0.00 | 0 | 0 | 0.00 | 0.00 | |
| Social Science | 0 | 0 | 1 | 0 | -5 | 0.00 | 0 | 0 | 0.00 | 0.00 |